000 00308nam a22001097a 4500
082 _a621.380042 ZBA'E
100 _aZBAR, R. B
_980341
245 _aELECTRONIC INSTRUMENTS AND MEASUREMENTS LABORATORY MANUAL FOR ELECTRONICS TECHNIQUES
260 _aNEWYORK
_bMCGRAW HILL
_c1965
300 _a106P
942 _cBK
999 _c585293
_d585293